| 000 | 00721nam a22002297a 4500 | ||
|---|---|---|---|
| 999 |
_c16495 _d16495 |
||
| 003 | AR-CdUCM | ||
| 008 | 190313b ||||| |||| 00| 0 spa d | ||
| 040 |
_aMUNICIPALIDAD PROVINCIAL DEL CUSCO _cBIBLIOTECA MUNICIPAL DEL CUSCO |
||
| 082 |
_a869.50 / _bO49 |
||
| 100 |
_aAnonimo _917814 |
||
| 245 | _aOllantay cantos y narraciones Quechuas / | ||
| 260 |
_aLima : _bPeisa, _c1974. |
||
| 300 |
_a155 paginas ; _c17 cm. |
||
| 440 |
_aBiblioteca peruana _911247 |
||
| 505 | _aContenido :Teatro. | ||
| 650 |
_aTeatro histórico peruano _93120 |
||
| 650 |
_aÉpoca Colonial _9645 |
||
| 650 |
_aLiteratura peruana _9169 |
||
| 700 |
_aMiró, Cesar (Presentación) _935970 |
||
| 942 |
_2ddc _cLIBROS |
||
| 945 |
_adavv _d03/05/2019 |
||